000 00752nam a2200229Ia 4500
003 OSt
005 20220926022313.0
006 a|||||r|||| 00| 0
007 ta
008 220923b |||||||| |||| 00| 0 eng d
037 _cGeneral Book
040 _aRTL
_cRTL
_beng
041 _2eng
_aeng
082 _aV1N45,93:3.N69<--N68r, K8.3/UN
110 _aUnited Nations, Economic and social council
245 0 _aEconomic commission for Europe
_b Annual repot, 3 may 1968-23 april 1969
260 _aNew York
_bUnited Nations Publication
_c1969
300 _a121p
_ccm.
700 _aUnited Nations, Economic and social council
942 _hV1N45,93:3.N69<--N68r, K8.3/UN
_cGB
_2CC
999 _c639157
_d639157